Základem v boji proti podvodům jsou technologie
Nárast podozrivých poistných udalostí v Česku, pri ktorých poisťovne odhalili poistné podvody. Boj proti poistným podvodom prostredníctvom využívania moderných technológií. Pomoc ČAP (Česká asociácia poisťovní) pri odhaľovaní poistných podvodov.
Salvato in:
| Autore principale: | |
|---|---|
| Natura: | Capitolo di libro |
| Lingua: | ceco |
| Soggetti: | |
| Tags: |
Nessun Tag, puoi essere il primo ad aggiungerne!!
|
MARC
| LEADER | 00000naa a2200000 4500 | ||
|---|---|---|---|
| 001 | 0299859 | ||
| 005 | 20240417075310.1 | ||
| 041 | 0 | |a cze | |
| 044 | |a CZ | ||
| 245 | 1 | 0 | |a Základem v boji proti podvodům jsou technologie |c Michal Vlk |
| 520 | |a Nárast podozrivých poistných udalostí v Česku, pri ktorých poisťovne odhalili poistné podvody. Boj proti poistným podvodom prostredníctvom využívania moderných technológií. Pomoc ČAP (Česká asociácia poisťovní) pri odhaľovaní poistných podvodov. | ||
| 610 | 2 | 0 | |a poisťovníctvo |
| 610 | 2 | 0 | |a podvody poisťovacie |
| 610 | 2 | 0 | |a poisťovne |
| 610 | 2 | 0 | |a udalosti poistné |
| 610 | 2 | 0 | |a technológie informačné |
| 610 | 2 | 0 | |a Česko |
| 100 | 1 | |a Vlk, Michal | |